<?xml version="1.0" encoding="UTF-8"?>
<collection xmlns="http://www.loc.gov/MARC21/slim">
 <record>
  <leader>00602pamaa2200145   4500</leader>
  <controlfield tag="001">0000019965</controlfield>
  <controlfield tag="005">20110107090000.0</controlfield>
  <controlfield tag="008">090415                             eng  </controlfield>
  <datafield tag="020" ind1="0" ind2="0">
   <subfield code="a">9789675065637 (pbk.) </subfield>
  </datafield>
  <datafield tag="090" ind1="0" ind2="0">
   <subfield code="a">QC717.6 </subfield>
   <subfield code="b">PRO 2008</subfield>
  </datafield>
  <datafield tag="245" ind1="1" ind2="0">
   <subfield code="a">Proceedings of the international workshop on plasma computations and applications (IWPCA 2008) held on 14-15 July 2008, INTI University College  </subfield>
   <subfield code="c">editor by Saw Sor Heoh...[et. al].</subfield>
  </datafield>
  <datafield tag="260" ind1="0" ind2="0">
   <subfield code="a">Subang Jaya, Malaysia: </subfield>
   <subfield code="b">INTI Publishing House Sdn. Bhd, </subfield>
   <subfield code="c">2008.</subfield>
  </datafield>
  <datafield tag="300" ind1=" " ind2=" ">
   <subfield code="a">v, 78p: </subfield>
   <subfield code="b">ill.; </subfield>
   <subfield code="c">27 cm.</subfield>
  </datafield>
  <datafield tag="650" ind1="0" ind2="0">
   <subfield code="a">Plasma heating -- </subfield>
   <subfield code="x">Congresses </subfield>
  </datafield>
  <datafield tag="700" ind1="1" ind2="1">
   <subfield code="a">Saw Sor Heoh </subfield>
  </datafield>
 </record>
</collection>
